Finding Wounded Deer A Comprehensive Guide to Tracking Deer Shot with Bow or Gun

Salvato in:
Dettagli Bibliografici
Autore principale: Trout, John
Natura: Libro
Lingua:inglese
Pubblicazione: 2020
Tags: Aggiungi Tag
Nessun Tag, puoi essere il primo ad aggiungerne!!

MARC

LEADER 00000nam a2200000 4500
001 0314322
005 20260121152044.1
020 |a 9781510738683 
041 0 |a eng 
245 1 0 |a Finding Wounded Deer  |b A Comprehensive Guide to Tracking Deer Shot with Bow or Gun  |c John Trout 
264 1 |c 2020 
100 1 |a Trout, John